[Event "Challenge"]
[Site "http://www.queenalice.com/game.php?id=531707"]
[Date "2009.1.30"]
[Round "-"]
[White "Oclair"]
[Black "mustangmike"]
[Result "0-1"]
[WhiteElo "1635"]
[BlackElo "1943"]

1. d4 d5 2. e3 e6 3. Nf3 Bd6 4. Nc3 Nf6 5. Bd3 h6 6. O-O O-O 7. e4 dxe4 8. Nxe4
Nbd7 9. Be3 e5 10. Nxf6+ Qxf6 11. dxe5 Bxe5 12. Nxe5 Qxe5 13. Qg4 Nf6 14. Qb4 h5
15. Bd4 Qe6 16. Bxf6 gxf6 17. Rae1 Qg4 18. Qxg4+ hxg4 19. f3 f5 20. fxg4 fxg4
21. Rf6 Be6 22. Re5 Rfd8 23. Rg5+ Kf8 24. Rh6 Ke7 0-1

[Event "Challenge"]
[Site "http://www.queenalice.com/game.php?id=531708"]
[Date "2009.1.30"]
[Round "-"]
[White "Oclair"]
[Black "kisly"]
[Result "1-0"]
[WhiteElo "1635"]
[BlackElo "1229"]

1. d4 d5 2. e3 e6 3. Nf3 Nc6 4. Nc3 g5 5. Bb5 Bg7 6. e4 e5 7. exd5 a6 8. Bxc6+
bxc6 9. dxe5 cxd5 10. Qxd5 Ne7 11. Qxd8+ Kxd8 12. Bxg5 f6 13. exf6 Nf5 14. fxg7+
Kd7 15. gxh8=Q Nd6 16. Rd1 c5 17. Qd8+ Ke6 18. Rxd6+ 1-0

[Event "Challenge"]
[Site "http://www.queenalice.com/game.php?id=531711"]
[Date "2009.1.30"]
[Round "-"]
[White "Oclair"]
[Black "brucce"]
[Result "1-0"]
[WhiteElo "1603"]
[BlackElo "1093"]

1. d4 d5 2. e3 e5 3. c3 Qf6 4. Ne2 Bg4 5. f3 Bh5 6. f4 exf4 7. exf4 c5 8. Be3
cxd4 9. Qxd4 Qh4+ 10. g3 Qg4 11. Qxd5 Nc6 12. Qb5 Qe6 13. Kf2 Nf6 14. Bd4 Qe4
15. Kg1 a6 16. Nd2 Qf3 17. Qxb7 Rd8 18. Nxf3 Bxf3 19. Bxf6 gxf6 20. Bg2 Bxe2 21.
Bxc6+ Rd7 22. Qxd7# 1-0

[Event "Challenge"]
[Site "http://www.queenalice.com/game.php?id=531712"]
[Date "2009.1.30"]
[Round "-"]
[White "Oclair"]
[Black "soonersam"]
[Result "1-0"]
[WhiteElo "1603"]
[BlackElo "1067"]

1. d4 e6 2. e4 Nf6 3. e5 Ne4 4. f3 Ng5 5. h4 Nxf3+ 6. Qxf3 d5 7. Bd2 c6 8. Bg5
Qd7 9. Nc3 f6 10. exf6 h6 11. Qh5+ Kd8 12. fxg7+ Kc7 13. Bf4+ Kd8 14. gxh8=Q Ke7
15. Qh7+ Kd8 16. Qxd7+ Bxd7 17. Bxh6 Be7 18. Bg5 b5 19. Bxe7+ Kxe7 20. b4 Be8
21. Qe5 Na6 22. Nf3 Nxb4 23. O-O-O a5 24. Ng5 Bh5 25. Qxe6+ Kd8 26. Qd6+ Ke8 27.
Re1+ Be2 28. Rxe2# 1-0

[Event "Challenge"]
[Site "http://www.queenalice.com/game.php?id=531714"]
[Date "2009.1.30"]
[Round "-"]
[White "Oclair"]
[Black "kathieD"]
[Result "1-0"]
[WhiteElo "1635"]
[BlackElo "1164"]

1. d4 d5 2. e4 g6 3. exd5 Qxd5 4. Nc3 Qe6+ 5. Be3 Nf6 6. Bd3 Nc6 7. Nf3 b6 8.
O-O a5 9. Bb5 Bd7 10. d5 Qf5 11. Bxc6 Bxc6 12. dxc6 Rd8 13. Qe2 e5 14. Bg5 Ne4
15. Nxe4 h6 16. Nf6+ Ke7 17. Nd7+ Kd6 18. Bxd8 e4 19. Rad1+ Kxc6 20. Qa6 Bd6 21.
Nd4+ Kxd7 22. Nxf5 Kxd8 23. Rxd6+ cxd6 24. Qa7 gxf5 25. Rd1 Re8 26. Rxd6+ Kc8
27. Qd7+ Kb8 28. Rxb6+ Ka8 29. Qb7# 1-0

[Event "Challenge"]
[Site "http://www.queenalice.com/game.php?id=531770"]
[Date "2009.1.30"]
[Round "-"]
[White "Oclair"]
[Black "Muggs"]
[Result "1-0"]
[WhiteElo "1513"]
[BlackElo "1454"]

1. d4 Nf6 2. Nc3 g6 3. e4 d6 4. Be2 Bg7 5. Bf4 Nbd7 6. Nf3 O-O 7. O-O Re8 8. Bc4
e6 9. Re1 e5 10. Bg5 h6 11. Bh4 exd4 12. Nxd4 c5 13. Ndb5 g5 14. Bg3 a6 15. Na3
b5 16. Bxb5 axb5 17. Naxb5 Nxe4 18. Nxe4 Nf6 19. Nbxd6 Re6 20. Nxc5 Rxe1+ 21.
Qxe1 Qxd6 22. Bxd6 1-0

[Event "Challenge"]
[Site "http://www.queenalice.com/game.php?id=542182"]
[Date "2009.2.18"]
[Round "-"]
[White "Oclair"]
[Black "wvulcanis"]
[Result "1-0"]
[WhiteElo "1620"]
[BlackElo "1628"]

1. d4 Nf6 2. e4 d6 3. Bb5+ Bd7 4. Qe2 e5 5. Nf3 Be7 6. O-O O-O 7. Bc4 b5 8. Bxb5
Bxb5 9. Qxb5 c6 10. Qb7 Qd7 11. Qxa8 Na6 12. Qxf8+ Kxf8 13. dxe5 Nxe4 14. exd6
Bxd6 15. Be3 Nb4 16. Na3 Qe7 17. c3 Nd3 18. Nc4 a6 19. Nd4 c5 20. Nf5 Qe6 21.
Nfxd6 Nxd6 22. Nxd6 Qxd6 23. Rad1 c4 24. b4 Qf6 25. Bd4 Qh4 26. g3 Qg5 27. f4
Qe7 28. Rfe1 Nxe1 29. Bc5 Nf3+ 30. Kf2 Nxh2 31. Bxe7+ Kxe7 32. Rd4 Ng4+ 33. Ke2
Ke6 34. Rxc4 h5 35. Rc6+ Kf5 36. Rxa6 Nf6 37. b5 Nd5 38. b6 Nxc3+ 39. Kd3 Nd5
40. Ra5 Ke6 41. b7 Nb4+ 42. Kc4 Nc6 43. Ra6 Kd7 44. Rxc6 1-0

[Event "AUTO-INT-1210"]
[Site "http://www.queenalice.com/game.php?id=542842"]
[Date "2009.2.19"]
[Round "1"]
[White "karpovl"]
[Black "Oclair"]
[Result "0-1"]
[WhiteElo "1724"]
[BlackElo "1605"]

1. e4 d5 2. e5 e6 3. d4 Bb4+ 4. c3 Ba5 5. b4 Bb6 6. Bb5+ Bd7 7. Bxd7+ Nxd7 8.
Qg4 g6 9. Bg5 f6 10. Qxe6+ Qe7 11. Qxd5 O-O-O 12. Be3 Nxe5 13. Qb5 Ng4 14. a4
Nxe3 15. fxe3 Qxe3+ 16. Ne2 Nh6 17. Nd2 Rhe8 18. h3 Bxd4 19. cxd4 Rxd4 20. Qxe8+
Qxe8 21. Kd1 Rxb4 22. Re1 Nf5 23. Nf3 Ne3+ 24. Kd2 Nxg2 25. Reb1 Qe3+ 26. Kc2
Qxe2+ 27. Nd2 Rxb1 28. Rxb1 f5 29. Rb3 f4 30. Rf3 Qe8 31. Rf2 Qxa4+ 32. Kd3 Qa5
33. Rxg2 Qd5+ 0-1

[Event "AUTO-INT-1210"]
[Site "http://www.queenalice.com/game.php?id=542843"]
[Date "2009.2.19"]
[Round "1"]
[White "Oclair"]
[Black "karpovl"]
[Result "1-0"]
[WhiteElo "1551"]
[BlackElo "1673"]

1. d4 d5 2. e4 dxe4 3. f3 Nf6 4. fxe4 Bg4 5. Be2 h5 6. e5 Ne4 7. Be3 e6 8. Nd2
Qh4+ 9. Kf1 Ng3+ 10. hxg3 Qxh1 11. Bxg4 hxg4 12. Qxg4 Rh2 13. Qf3 Nc6 14. Kf2
O-O-O 15. Nb3 Na5 16. Nxa5 c5 17. Qxf7 Qxg2+ 18. Ke1 Qxg3+ 19. Bf2 Rxf2 20.
Qxb7# 1-0

[Event "AUTO-INT-1210"]
[Site "http://www.queenalice.com/game.php?id=542856"]
[Date "2009.2.19"]
[Round "1"]
[White "Oclair"]
[Black "jmsteinfeld"]
[Result "0-1"]
[WhiteElo "1635"]
[BlackElo "1759"]

1. d4 d5 2. e4 dxe4 3. f3 exf3 4. Nxf3 Bf5 5. Bf4 e6 6. Bd3 Bd6 7. Bg5 f6 8. Bh4
g5 9. Bf2 Bxd3 10. Qxd3 Ne7 11. O-O Nbc6 12. Nc3 a6 13. d5 Nxd5 14. Nxd5 exd5
15. Rfe1+ Be7 16. Rad1 Qd7 17. Qc3 O-O-O 18. a3 h5 19. Nd4 Nxd4 20. Qxd4 b6 21.
c4 Bc5 22. Qxd5 Bxf2+ 23. Kh1 Bxe1 24. Qxd7+ Rxd7 25. Rxe1 Rhd8 26. g4 h4 27.
Re6 h3 28. Kg1 Rd2 29. Rxf6 Rg2+ 30. Kf1 Rd1# 0-1

[Event "AUTO-INT-1210"]
[Site "http://www.queenalice.com/game.php?id=542857"]
[Date "2009.2.19"]
[Round "1"]
[White "jmsteinfeld"]
[Black "Oclair"]
[Result "1-0"]
[WhiteElo "1778"]
[BlackElo "1635"]

1. e4 e5 2. Nf3 d5 3. exd5 c6 4. dxc6 Nxc6 5. Bc4 Bc5 6. d3 Bg4 7. h3 Bh5 8. g4
Bg6 9. Be3 Bxe3 10. fxe3 e4 11. Nd4 Nxd4 12. exd4 Qxd4 13. Nc3 exd3 14. Bxd3
O-O-O 15. Bxg6 hxg6 16. Qxd4 Rxd4 17. Rd1 Rxd1+ 18. Kxd1 g5 19. Re1 Nh6 20. Ne4
f5 21. Nxg5 fxg4 22. hxg4 Nxg4 23. Ne6 Nf2+ 24. Kd2 g6 25. Ng7 Rd8+ 26. Kc1 g5
27. Re8 g4 28. Rxd8+ Kxd8 29. Nf5 Ne4 30. Kd1 Kd7 31. Ke2 Ke6 32. Ne3 g3 33. Kf3
Ke5 34. c3 b5 35. a3 a5 36. c4 b4 37. axb4 axb4 38. Nf1 Kd4 39. b3 Nc5 40. Nxg3
1-0

[Event "AUTO-INT-1210"]
[Site "http://www.queenalice.com/game.php?id=542858"]
[Date "2009.2.19"]
[Round "1"]
[White "Oclair"]
[Black "Chazam"]
[Result "0-1"]
[WhiteElo "1658"]
[BlackElo "1568"]

1. d4 e6 2. e4 c6 3. Bc4 b5 4. Bb3 Bb4+ 5. Bd2 Ba5 6. Nf3 Nh6 7. a4 b4 8. Bf4
Qf6 9. Be5 Qg6 10. Qe2 Ba6 11. c4 bxc3 12. Bc4 cxb2+ 13. Kf1 bxa1=Q 14. Bd3 Bxd3
15. Qxd3 Qxa4 16. Ke2 Qb5 17. Qxb5 cxb5 18. Rc1 Qxe4+ 19. Kf1 O-O 20. Ng5 Qd3+
21. Kg1 Nc6 22. Nf3 Rac8 23. h3 Nxe5 24. Nxe5 Rxc1+ 25. Kh2 Bc7 26. g3 Qf1 27.
f3 Qf2# 0-1

[Event "AUTO-INT-1210"]
[Site "http://www.queenalice.com/game.php?id=542859"]
[Date "2009.2.19"]
[Round "1"]
[White "Chazam"]
[Black "Oclair"]
[Result "0-1"]
[WhiteElo "1605"]
[BlackElo "1640"]

1. g3 Nf6 2. Bg2 d5 3. e3 e5 4. Nc3 Nc6 5. Nxd5 Nxd5 6. c4 Nf6 7. Bxc6+ bxc6 8.
Qf3 e4 9. Qe2 Bc5 10. d3 exd3 11. Qf3 Bb7 12. Nh3 Bb4+ 13. Bd2 Bxd2+ 14. Kxd2
O-O 15. b3 Rb8 16. Rad1 c5 17. Qf5 Ne4+ 18. Kc1 d2+ 19. Kb2 Qd3 20. Ka3 a5 21.
f3 Qc3 22. fxe4 a4 23. Qxc5 axb3 24. Ka4 Ra8+ 25. Kb5 Qa5# 0-1

[Event "AUTO-OPEN-1447"]
[Site "http://www.queenalice.com/game.php?id=542921"]
[Date "2009.2.19"]
[Round "1"]
[White "Oclair"]
[Black "holandes"]
[Result "1-0"]
[WhiteElo "1603"]
[BlackElo "2039"]

1. d4 d5 2. e4 Nf6 3. Nc3 a6 4. Bg5 c6 5. Bd3 h6 6. Bf4 g5 7. Bg3 Be6 8. e5 Nfd7
9. f4 gxf4 10. Bxf4 Bg7 11. Qh5 Nf8 12. O-O-O Qd7 13. h3 a5 14. a4 Na6 15. Nf3
O-O-O 16. Bxa6 bxa6 17. Bd2 Bf5 18. Nh4 Bh7 19. Qxf7 e6 20. Rdf1 c5 21. Qxd7+
Rxd7 22. Nf3 cxd4 23. Nxd4 Bxe5 24. Nce2 Be4 25. Rhg1 Rb7 26. Bxa5 Nd7 27. c3
Nc5 28. b4 Nxa4 29. Nxe6 Bxc3 30. Nxc3 Nxc3 31. Nd4 Rg8 32. g4 Na2+ 33. Kd2 Nxb4
34. Rc1+ Kd7 35. Bxb4 Rxb4 36. Ke3 a5 37. Rc5 a4 38. Rgc1 a3 39. Rc7+ Kd6 40.
R1c6+ Ke5 41. Re6# 1-0

[Event "AUTO-OPEN-1447"]
[Site "http://www.queenalice.com/game.php?id=542922"]
[Date "2009.2.19"]
[Round "1"]
[White "holandes"]
[Black "Oclair"]
[Result "0-1"]
[WhiteElo "2027"]
[BlackElo "1513"]

1. e4 d6 2. d4 e5 3. d5 c6 4. c4 c5 5. h3 Nf6 6. Bd3 Bd7 7. a4 Be7 8. Nf3 Na6 9.
Bd2 Nb4 10. Qe2 h6 11. O-O g5 12. Nh2 Rg8 13. Bxb4 cxb4 14. a5 g4 15. h4 h5 16.
Qd2 g3 17. Nf3 gxf2+ 18. Rxf2 Ng4 19. Re2 b6 20. Ng5 Bxg5 21. hxg5 bxa5 22. Qe1
Rxg5 23. Nd2 Qb6+ 24. Kf1 Nh2# 0-1

[Event "AUTO-OPEN-1447"]
[Site "http://www.queenalice.com/game.php?id=542923"]
[Date "2009.2.19"]
[Round "1"]
[White "Oclair"]
[Black "Hitalo"]
[Result "1-0"]
[WhiteElo "1572"]
[BlackElo "1664"]

1. d4 d5 2. e4 dxe4 3. f3 exf3 4. Nxf3 e6 5. Bc4 Bb4+ 6. Bd2 Bxd2+ 7. Qxd2 Ne7
8. Nc3 c6 9. O-O-O O-O 10. g4 b5 11. Bd3 f6 12. Rhg1 f5 13. gxf5 exf5 14. Qh6
Ng6 15. Qg5 Qxg5+ 16. Nxg5 Nf4 17. h4 h6 18. Nf3 Nxd3+ 19. Rxd3 Na6 20. d5 cxd5
21. Nxd5 Bb7 22. Ne7+ Kf7 23. Ng6 Rfe8 24. Rd7+ Kg8 25. Rxb7 Reb8 26. Ne7+ Kh7
27. Ng5+ hxg5 28. hxg5 g6 29. Rh1+ Kg7 30. Nxf5+ Kg8 31. Rg7+ Kf8 32. Rh8# 1-0

[Event "AUTO-OPEN-1447"]
[Site "http://www.queenalice.com/game.php?id=542924"]
[Date "2009.2.19"]
[Round "1"]
[White "Hitalo"]
[Black "Oclair"]
[Result "1-0"]
[WhiteElo "1569"]
[BlackElo "1603"]

1. e4 e5 2. Nf3 Nc6 3. Bb5 Qf6 4. d3 Bc5 5. Bg5 Qg6 6. Bxc6 dxc6 7. Qd2 Nf6 8.
Nxe5 Qh5 9. Bxf6 gxf6 10. Nf3 Bg4 11. Qe2 O-O-O 12. h3 Bxf3 13. Qxf3 Qxf3 14.
gxf3 Rhg8 15. c3 Rxd3 16. b4 Bb6 17. Ke2 Rd6 18. c4 Rg2 19. c5 Bxc5 20. bxc5 Rd8
21. Nd2 f5 22. Rag1 Rdg8 23. Kf1 R2g5 24. exf5 f6 25. Ne4 Rxg1+ 26. Rxg1 Rf8 27.
Rg7 h5 28. Rh7 Rd8 29. Nxf6 Rd3 30. Rxh5 Rxf3 31. Rh8# 1-0